00750cam a22002414a 45000010009000000050017000090080041000260100017000670200022000840400018001060410008001240420008001320800016001400820020001561000007001761010008001832450077001915040051002689060045003199420012003649990017003769520115003931246497920171221091252.0010710s2002 njua b 001 0 eng  a 2001046152 a0130894559 (pbk.) aDLCcDLCdDLC aeng apcc a305.235 ARN00a305.235 ARN2211 a50 aSOC10aReadings on adolescence and emerging adulthood /cJeffrey Jensen Arnett. aIncludes bibliographical references and index. a7bcbccorignewd1eocipf20gy-gencatlg 2ddccBK c39294d39294 00102udc40708PËKGa002b002cPËKGd2017-12-21l0o305.235 ARNp002-2939544r2017-12-21w2017-12-21yBK